000 00474nab a2200145Ia 4500
003 ES-SlBCS
005 20210601134619.0
008 140529s2000 xxu||||| |||| 00| 0 spa d
041 _aspa
100 1 _aUrdanibia U., Miguel M.
_9220440
245 0 0 _aPautas de conducta que caracterizan el afecto-amor entre la pareja de padres
_c Miguel M. Urdanibia U.
650 0 4 _aPareja-Padres
_9220441
773 0 _tAnthropos
_gvol. 21, nº. 40, 2000, págs. 51-89
_wRev38
942 _cAR
999 _c615301
_d615301